| 000 | 00734nam a2200205 a 4500 | ||
|---|---|---|---|
| 005 | 20240806064159.0 | ||
| 008 | 040506s2000 ag r 000 0 spa d | ||
| 020 | _a9501265234 | ||
| 035 | _aUPN01000133322 | ||
| 049 | _aCG | ||
| 050 | 4 |
_aBF173 _bD4.4 |
|
| 100 | 1 |
_aDerrida, Jacques, _d1930-2004 _930374 |
|
| 245 | 1 | 0 |
_aEstados de ánimo del psicoanálisis : _bpresentación a los estados generales del psicoanálisis / _cJacques Derrida ; tr. Virginia Gallo. |
| 260 |
_aBuenos Aires : _bPaidós, _c2000. |
||
| 300 | _a84 p. | ||
| 440 | 0 |
_aEspacios del saber ; _v23 |
|
| 534 |
_pTraducción de: _tÉtats d'ame de la psychanalyse. L'impossible au-delá d'une souveraine cruauté |
||
| 650 | 4 |
_aPsicoanálisis _91572 |
|
| 905 | _aLibro | ||
| 999 |
_c105474 _d105474 |
||